Transport and distribution

Bibliographic Details
Main Authors: Benson, Don (Author), Whitehead, Geoffrey (Author)
Format: Book
Published: Harlow Longman 1975
Subjects:

MARC

LEADER 00000cam a2200000 7i4500
001 0000000238
008 021118s1975
020 |a 058241363X 
090 0 0 |a TA1145  |b .B4 
100 0 |a Benson, Don  |e author 
245 1 0 |a Transport and distribution   |c Don Benson and Geoffrey Whithead 
260 2 |a Harlow   |b Longman  |c 1975 
300 |a 345 p.  |c 21 cm 
650 0 |a Physical distribution of goods 
650 0 |a Transportation 
700 1 |a Whitehead, Geoffrey  |e author 
999 |a 1000035484  |b Book  |c OPEN SHELF (30 DAYS)  |e Gong Badak Campus